| 000 | 00651nam a22001457a 4500 | ||
|---|---|---|---|
| 999 |
_c59564 _d59564 |
||
| 005 | 20230315171229.0 | ||
| 008 | 230315c2018 ge ||||| |||| 00| 0 geo d | ||
| 022 | _a15120481 | ||
| 041 | _ageo | ||
| 245 |
_aსაქართველოს უზენაესი სასამართლოს გადაწყვეტილებანი ადმინისტრაციულ საქმეებზე : _b[ყოველთვიური]. სოციალური დავები. |
||
| 260 |
_aთბილისი, _c2018. |
||
| 300 | _aV. | ||
| 653 | _aსოციალური დავები | ||
| 942 |
_2udc _cCR |
||